Advanced Web design

Đã lưu trong:
書目詳細資料
主要作者: Hofstetter, Fred T. (Fred Thomas), 1949-
格式: 圖書
出版: McGraw-Hill 2003
標簽: 添加標簽
沒有標簽, 成為第一個標記此記錄!
Thư viện lưu trữ: Mạng thư viện Đại học Đà Nẵng
LEADER 00542nam a2200217 a 4500
001 000028722
003 23836
005 20171030145630.0
008 171030s2003
040 |a LTT 
082 0 |a 005.276  |b HO-F 
100 1 |a Hofstetter, Fred T. (Fred Thomas), 1949- 
245 0 0 |a Advanced Web design  |c by Fred T. Hofstetter. 
260 |b McGraw-Hill  |c 2003 
OWN |a LTT 
999 |a From the UDN01 
TYP |a Monograph 
TYP |a Printed language 
980 |a Mạng thư viện Đại học Đà Nẵng